Countries of the World in Official Languages Map - Statistics

General Stats
  • This quiz has been taken 2,105 times
  • The average score is 104 of 196
Answers on the Map
Answers color-coded by a green-red scale on the quiz's map according to % correct below.
 
Answer Stats
Country % Correct
United States
93%
United Kingdom
92%
Canada
91%
México
89%
France
87%
Éire
86%
Australia
84%
España
84%
Argentina
83%
Chile
83%
Deutschland
83%
Italia
83%
Portugal
83%
Brasil
82%
Colombia
82%
Cuba
82%
Perú
82%
भारत (Bhārat)
81%
Bolivia
81%
Ecuador
81%
Panamá
81%
Paraguay
81%
Uruguay
81%
Venezuela
81%
Ayiti
80%
Guatemala
80%
Guyana
80%
Belize
79%
Costa Rica
79%
Honduras
79%
Nicaragua
79%
Suriname
79%
El Salvador
78%
New Zealand
78%
Bahamas
77%
Jamaica
77%
Dominica
75%
Suomi
75%
iRiphabhuliki yaseNingizimu Afrika
74%
ایران (Īrān)
73%
Indonesia
72%
Niger
72%
پاکستان (Pākistān)
72%
Việt Nam
72%
العراق (Al-'Iraq)
71%
ປະເທດລາວ (Lao)
71%
Nijeriya
71%
Saint Kitts and Nevis
71%
Saint Lucia
71%
Mali
70%
Namibia
70%
Saint Vincent and the Grenadines
70%
Trinidad and Tobago
70%
Angola
69%
Barbados
69%
Kenya
69%
Malaysia
69%
नेपाल (Nepāl)
69%
România
69%
Viti
69%
Antigua and Barbuda
68%
ශ්‍රී ලංකාව இலங்கை (Sri Lankā)
68%
Madagasikara
68%
Zambia
68%
Botswana
67%
ราชอาณาจักรไทย (Ratcha-anachak Thai)
67%
Gaana
67%
Kiribati
67%
Lesotho
67%
Tanzania
67%
Togo
67%
Tonga
67%
Zimbabwe
67%
Bénin
66%
বাংলাদেশ (Bangladesh)
66%
Grenada
66%
Liberia
66%
Naoero
66%
日本 (Nihon)
66%
Sāmoa
66%
Sénégal
66%
België
65%
Eswatini
65%
Federated States of Micronesia
65%
Malta
65%
မြန်မာ (Myanma)
65%
Österreich
65%
Polska
65%
Türkiye
65%
Vanuatu
65%
Aorōkin M̧ajeļ
64%
Cameroun
64%
Lëtzebuerg
64%
Malawi
64%
Nederland
64%
Rwanda
64%
Solomon Aelan
64%
Tuvalu
64%
Uganda
64%
Burkina Faso
63%
Sierra Leone
63%
Burundi
62%
Gambia
62%
Moris
62%
République gabonaise
62%
Seychelles
62%
中華民國 (Zhōnghuá Mínguó)
62%
Côte d'Ivoire
61%
São Tomé e Príncipe
61%
Moldova
60%
Pilipinas
60%
السودان (As-Sudan)
59%
Ísland
59%
Қазақстан (Qazaqstan)
59%
South Sudan
59%
Беларусь (Bielaruś)
58%
قطر (Qaṭar)
58%
Schweiz
58%
Cabo Verde
56%
جيبوتي (Jībūtī)
56%
Singapore
56%
Andorra
55%
Danmark
55%
Liechtenstein
55%
San Marino
55%
ليبيا (Lībiyā)
54%
Papua Niugini
54%
Türkmenistan
54%
Kosova
53%
Norge
53%
Ελλάς (Hellas)
52%
Monaco
51%
Sverige
51%
Кыргызстан (Kyrgyzstan)
48%
República Dominicana
48%
بروني (Brunei)
46%
Hrvatska
45%
Timor Lorosa'e
45%
Україна (Ukraїna)
43%
Россия (Rossiya)
39%
Civitas Vaticana
36%
Eesti
36%
Guinée
30%
تشاد (Tšād)
30%
中国 (Zhōngguó)
28%
Česká republika
27%
Slovenija
27%
Slovensko
27%
Magyarország
26%
កម្ពុជា (Kampuchea)
25%
Latvija
25%
Србија (Srbija)
25%
Lietuva
24%
مصر (Misr)
24%
Црна Гора (Crna Gora)
23%
Guinea Ecuatorial
22%
Shqipëria
22%
Босна и Херцеговина (Bosna i Hercegovina)
21%
Κύπρος (Kypros)
21%
لبنان (Lubnān)
21%
Moçambique
21%
République du Congo
20%
Komori
19%
République démocratique du Congo
19%
საქართველო (Sak'art'velo)
17%
Հայաստան (Hayastán)
16%
България (Bulgariya)
15%
Guiné-Bissau
15%
Azərbaycan
13%
한국 (Hanguk)
13%
ישראל (Yisra'el)
13%
Ködörösêse tî Bêafrîka
12%
Belau
11%
الجزائر (Al-Jazā'ir)
10%
Северна Македонија (Severna Makedonija)
10%
조선 (Chosŏn)
10%
ᠮᠤᠩᠭᠤᠯ ᠤᠯᠤᠰ (Mongol Uls)
10%
Ўзбекистон (O‘zbekiston)
10%
عُمان (‘Umān)
10%
Soomaaliya
9%
الأردن (Al-’Urdun)
8%
تونس (Tūns)
8%
المغرب (Al-maɣréb)
7%
اليمن (Al-Yaman)
7%
البحرين (Al-Baḥrayn)
6%
Тоҷикистон (Tojikistan)
6%
الإمارات العربية المتحدة (Al-’Imārat Al-‘Arabiyyah Al-Muttaḥidah)
5%
འབྲུག་ཡུལ (Druk Yul)
5%
سورية (Suriyah)
5%
افغانستان (Afghanestan)
4%
ኤርትራ (Ertra)
4%
ኢትዮጵያ (Ityop'ia)
4%
موريتانيا (Mūrītānyā)
4%
ދިވެހިރާއްޖެ (Dhivehi Raajje)
2%
الكويت (il-ikwet)
2%
ٱلْمَمْلَكَة ٱلْعَرَبِيَّة ٱلسَّعُوْدِيَّة (Al-Mamlaka Al-‘Arabiyyah as Sa‘ūdiyyah)
1%
No matching quizzes found
Score Distribution
Percent of People with Each Score
Percentile by Number Answered
Your Score History
You have not taken this quiz